000 01249nac a22003497a 4500
001 BR7807525
003 BR-BrBNA
005 20240105114342.0
008 230509b bl.|||m| |||| 00| 0 por d
040 _aBR-BrBNA
_bpor
_cBiblioteca Nacional de Agricultura
072 _aE50; C00
090 _aE50 BR7807525
100 1 _aMoraes, A.A.C.
100 1 _aSantos, L.F. dos
100 1 _aCossetti, M. da P.
100 1 _aAraujo, R.C. de
100 1 _aBorges, T.C.D.
100 1 _aNacif, V.M.S.
110 1 _aSecretaria de Estado do Planejamento, Vitoria, ES (Brasil). Depto. de Informacoes Tecnicas
_98936
245 1 _aDados demograficos do estado do Espirito Santo. Resultados obtidos pela apuracao dos dados do universo - Projeto Censo Escolar/Pesquisa Socio-Economica, 1977 [Brasil]
260 3 _aVitoria, ES (Brasil):
_c1978.
300 _a700 p.
490 _aEstudos Basicos para o Planejamento Estadual - Secretaria de Estado do Planejamento. Depto. de Informacoes Tecnicas (Brazil)
_vno. 3
_x
500 _aNumerical data
650 _aDEMOGRAFIA
650 _aESCOLA
650 _aPESQUISA
650 _aCENSO
650 _aESPIRITO SANTO
909 _a202312
_bLúcia Elande
_c55
_dLúcia Elande
942 _2AGRIS
_n0
_cMS
999 _c268843
_d268843